000 00439nam a2200181Ia 4500
005 20240507111709.0
008 131103s9999 xx 000 0 und d
040 _aLoreto College
041 _aEnglish
082 _a428
_bDIC
100 _aDickens,Charles
245 2 _aA tale of two cities
_cCharles Dickens
260 _aNew Delhi
_bMadhuban
_c1991
300 _a157p
650 _aEnglish reader
850 _aLCBED
942 _cBK
999 _c30301
_d80780